000 00273nam a2200121Ia 4500
008 190216s9999||||xx |||||||||||||| ||und||
100 _aSharat Singh
245 0 _aHindi-Teeli Teeli Aag
260 _bSunil Sahithya Sadan
300 _a144
650 _aHindi
942 _cBK
999 _c16471
_d16471